Statistiken für Tierische Redewendungen

Klicken Sie hier um das Quiz zu spielen!

Allgemein

  • Dieses Quiz wurde 1.769 mal gespielt
    (1.166 seit der letzten Aktualisierung)
  • Das Durchschnittsergebnis liegt bei 20 aus 27

Antwortstatistiken

TextquizAnwort% Korrekt
_____ die bellen, beißen nichtHunde
96%
Da wird der ____ in der Pfanne verrücktHund
95%
Die ______ im Sack kaufenKatze
95%
Das war für die ____Katz / Fisch
93%
Wie ein ______ im PorzellanladenElefant
91%
Die ___ rauslassenSau
90%
Jemanden zur ________ machenSchnecke / Sau
90%
____ im Hals habenFrosch
89%
Klappe zu, ____ totAffe
87%
Jemandem ist eine ____ über die Leber gelaufenLaus
86%
______________ im Bauch habenSchmetterlinge
86%
Fleißig wie eine _____Biene
85%
Schlafende _____ soll man nicht weckenHunde
85%
Hier liegt der ____ begrabenHund
84%
Jemandem einen ___ aufbindenBären
82%
Einem alten ____ neue Tricks beibringenHund
79%
_________ macht auch MistKleinvieh
79%
Bekannt wie ein bunter ____Hund
78%
Nachts sind alle ______ grauKatzen
75%
Das geht auf keine ___hautKuh
75%
Einen _______ habenVogel / Kater
63%
Jemandem einen ___dienst erweisenBären
61%
Es zieht wie _____suppeHecht
52%
Da liegt der ____ im PfefferHase
49%
Des _____s KernPudel
30%
Den ____ zum Gärtner machenBock
23%
Eine _____ schluckenKröte
21%

Verteilung der Resultate

Perzentil nach korrekt beantworteten Fragen

Anzahl Personen mit jedem Resultat

Ihre Resultats-Entwicklung

Sie haben dieses Quiz seit der letzten Aktualisierung nicht gespielt